Missing Word: Famous South American People Quiz Stats

 Plays Quiz Updated Jun 21, 2017

Support Sporcle.
Go Orange.
Score 0/20 Timer 05:00
1 Play Today
Person Missing Word % Correct
___ PerónEva
90%
Ernesto '___' Guevara Che
89.8%
_____ BolívarSimón
83%
____ ChávezHugo
73.4%
Pope _______Francis
72.9%
Lionel _____Messi
72.7%
_____ NerudaPablo
65.9%
Augusto ________Pinochet
64%
Gabriel García _______Márquez
60.2%
Gisele ________Bündchen
60%
Person Missing Word % Correct
Salvador _______Allende
49.6%
_____ RousseffDilma
43.8%
______ SennaAyrton
43.2%
Paulo ______Coelho
37.7%
Evo _______Morales
28.8%
Alberto ________Fujimori
28.1%
Mario ______ LlosaVargas
26.5%
_______ StroessnerAlfredo
22.5%
Cristina _________ de KirchnerFernández
21.8%
________ MistralGabriela
15.5%

Today's Daily Dose

You're not logged in!

Compare scores with friends on all Sporcle quizzes.
OR
Log In
Forgot?

From the Vault

Bubba Gump Shrimp

by Derek

Anyway, like I was sayin', shrimp is the fruit of the sea.
Remove Ads.
Support Sporcle.
Get the best of Sporcle when you Go Orange. This ad-free experience offers more features, more stats, and more fun while also helping to support Sporcle. Thank you for becoming a member.

Show Comments

Extras

Top Quizzes Today


Score Distribution

Your Account Isn't Verified!

In order to create a playlist on Sporcle, you need to verify the email address you used during registration. Go to your Sporcle Settings to finish the process.

Report this User

Report this user for behavior that violates our Community Guidelines.

Details: